[Event "DVM U20w 2019"]
[Site "Braunschweig GER"]
[Date "2019.12.28"]
[Round "4"]
[White "Pavlov, Liliane"]
[Black "Schilay, Maria"]
[Result "1-0"]
[Termination "normal"]
[Board "6.2"]
[WhiteElo "1623"]
[BlackElo "1450"]
[WhiteClock "00:05:46"]
[BlackClock "00:03:40"]
[WhiteTeam "SC Bavaria Regensburg von 1881 e.V."]
[BlackTeam "SC Erlangen 48/88"]
[PlyCount "101"]
[WhiteFideId "16225449"]
[BlackFideId "12942979"]
[EventCountry "GER"]
[EventRounds "7"]
[EventType "team-swiss"]
[EventDate "2019.12.26"]

1. d4 {[%clk 1:30:59]} d5 {[%clk 1:30:52]} 2. c4 {[%clk 1:31:23]} e6 {[%clk
1:31:05]} 3. Nf3 {[%clk 1:31:44]} Nf6 {[%clk 1:30:48]} 4. g3 {[%clk 1:31:57]}
c5 {[%clk 1:29:39]} 5. cxd5 {[%clk 1:31:04]} exd5 {[%clk 1:24:20]} 6. Bg2
{[%clk 1:30:06]} Be6 {[%clk 1:23:51]} 7. Nc3 {[%clk 1:28:53]} Nc6 {[%clk
1:20:42]} 8. O-O {[%clk 1:28:02]} Be7 {[%clk 1:17:46]} 9. dxc5 {[%clk 1:20:36]}
Bxc5 {[%clk 1:17:51]} 10. b3 {[%clk 1:18:28]} O-O {[%clk 1:15:22]} 11. Bb2
{[%clk 1:18:15]} Qe7 {[%clk 1:10:42]} 12. e3 {[%clk 1:15:00]} Rfd8 {[%clk
1:08:23]} 13. Qe2 {[%clk 1:14:46]} d4 {[%clk 1:05:47]} 14. exd4 {[%clk
1:12:12]} Nxd4 {[%clk 1:01:15]} 15. Nxd4 {[%clk 1:10:38]} Bxd4 {[%clk 1:00:57]}
16. Rac1 {[%clk 1:05:55]} Rac8 {[%clk 0:53:25]} 17. Rfe1 {[%clk 0:53:30]} Bb6
{[%clk 0:39:19]} 18. Na4 {[%clk 0:51:28]} Ba5 {[%clk 0:35:28]} 19. Red1 {[%clk
0:49:32]} Rxc1 {[%clk 0:25:17]} 20. Rxc1 {[%clk 0:48:29]} Re8 {[%clk 0:20:50]}
21. Bxf6 {[%clk 0:43:57]} gxf6 {[%clk 0:19:35]} 22. Qh5 {[%clk 0:39:56]} Bb4
{[%clk 0:16:55]} 23. Be4 {[%clk 0:32:23]} f5 {[%clk 0:14:53]} 24. Bxf5 {[%clk
0:32:33]} Bxf5 {[%clk 0:14:48]} 25. Qxf5 {[%clk 0:32:25]} b6 {[%clk 0:10:35]}
26. Rc4 {[%clk 0:31:02]} Qe1+ {[%clk 0:06:34]} 27. Kg2 {[%clk 0:31:12]} Re6
{[%clk 0:06:24]} 28. Nb2 {[%clk 0:25:55]} Bf8 {[%clk 0:05:00]} 29. h4 {[%clk
0:23:58]} Qd2 {[%clk 0:03:56]} 30. Rc7 {[%clk 0:16:03]} Re7 {[%clk 0:03:27]}
31. Rc8 {[%clk 0:14:10]} Qh6 {[%clk 0:03:09]} 32. h5 {[%clk 0:09:38]} Qg7
{[%clk 0:02:27]} 33. Nd3 {[%clk 0:08:41]} Re6 {[%clk 0:02:16]} 34. Nf4 {[%clk
0:07:13]} Rf6 {[%clk 0:02:03]} 35. Qe4 {[%clk 0:06:38]} h6 {[%clk 0:01:25]} 36.
Nd5 {[%clk 0:05:42]} Re6 {[%clk 0:01:27]} 37. Qf4 {[%clk 0:02:40]} Kh8 {[%clk
0:00:55]} 38. Qb4 {[%clk 0:01:35]} Kg8 {[%clk 0:00:45]} 39. Qc4 {[%clk
0:01:12]} Kh8 {[%clk 0:01:00]} 40. Nc7 {[%clk 0:01:02]} Re7 {[%clk 0:00:50]}
41. Ne8 {[%clk 0:30:30]} Qe5 {[%clk 0:26:11]} 42. Nc7 {[%clk 0:28:27]} Qg7
{[%clk 0:26:01]} 43. Nd5 {[%clk 0:24:50]} Re6 {[%clk 0:24:39]} 44. Ne3 {[%clk
0:21:55]} Kg8 {[%clk 0:21:51]} 45. Qb4 {[%clk 0:17:13]} Re5 {[%clk 0:19:21]}
46. Qd6 {[%clk 0:08:24]} f6 {[%clk 0:12:48]} 47. Nd5 {[%clk 0:07:08]} Rf5
{[%clk 0:04:16]} 48. Ne7+ {[%clk 0:06:35]} Kh7 {[%clk 0:04:39]} 49. Rxf8 {[%clk
0:05:11]} Rxf2+ {[%clk 0:03:17]} 50. Kxf2 {[%clk 0:05:29]} Qxf8 {[%clk
0:03:40]} 51. Nf5 {[%clk 0:05:46]} 1-0

[Event "DVM U20w 2019"]
[Site "Braunschweig GER"]
[Date "2019.12.28"]
[Round "4"]
[White "Prölß, Clara"]
[Black "Strobel, Miriam"]
[Result "0-1"]
[Termination "normal"]
[Board "6.4"]
[WhiteElo "1000"]
[BlackElo "1299"]
[WhiteClock "00:20:30"]
[BlackClock "01:21:22"]
[WhiteTeam "SC Bavaria Regensburg von 1881 e.V."]
[BlackTeam "SC Erlangen 48/88"]
[PlyCount "102"]
[WhiteFideId "16296788"]
[BlackFideId "16217225"]
[EventCountry "GER"]
[EventRounds "7"]
[EventType "team-swiss"]
[EventDate "2019.12.26"]

1. e4 {[%clk 1:30:55]} e5 {[%clk 1:30:56]} 2. Nf3 {[%clk 1:31:07]} Nf6 {[%clk
1:31:19]} 3. Nc3 {[%clk 1:30:38]} Bb4 {[%clk 1:31:41]} 4. a3 {[%clk 1:27:39]}
Bxc3 {[%clk 1:31:21]} 5. dxc3 {[%clk 1:27:38]} Nxe4 {[%clk 1:29:24]} 6. Qe2
{[%clk 1:24:39]} Nf6 {[%clk 1:27:49]} 7. Qxe5+ {[%clk 1:21:18]} Qe7 {[%clk
1:27:54]} 8. Qxe7+ {[%clk 1:20:01]} Kxe7 {[%clk 1:28:20]} 9. Bc4 {[%clk
1:13:55]} Re8 {[%clk 1:26:52]} 10. Be3 {[%clk 1:08:44]} d5 {[%clk 1:24:59]} 11.
Bb3 {[%clk 1:02:55]} Kf8 {[%clk 1:25:03]} 12. O-O-O {[%clk 1:00:22]} c6 {[%clk
1:25:21]} 13. h3 {[%clk 0:57:26]} Bf5 {[%clk 1:25:24]} 14. Rhe1 {[%clk
0:55:12]} Nbd7 {[%clk 1:25:20]} 15. Bd4 {[%clk 0:50:03]} a5 {[%clk 1:23:25]}
16. c4 {[%clk 0:45:33]} dxc4 {[%clk 1:22:54]} 17. Bxc4 {[%clk 0:44:57]} b5
{[%clk 1:23:15]} 18. Rxe8+ {[%clk 0:39:53]} Rxe8 {[%clk 1:22:09]} 19. Ba2
{[%clk 0:38:17]} Ra8 {[%clk 1:21:58]} 20. Bxf6 {[%clk 0:35:45]} Nxf6 {[%clk
1:22:05]} 21. g4 {[%clk 0:33:51]} Be4 {[%clk 1:20:41]} 22. Ng5 {[%clk 0:31:50]}
Bg2 {[%clk 1:14:26]} 23. Bxf7 {[%clk 0:24:20]} Bxh3 {[%clk 1:14:31]} 24. Be6
{[%clk 0:22:51]} Bg2 {[%clk 1:12:30]} 25. Rd6 {[%clk 0:19:01]} Ke7 {[%clk
1:10:42]} 26. Rd3 {[%clk 0:16:30]} h6 {[%clk 1:09:39]} 27. Re3 {[%clk 0:14:13]}
hxg5 {[%clk 1:08:48]} 28. Bd5+ {[%clk 0:14:12]} Kd6 {[%clk 1:06:22]} 29. Bxg2
{[%clk 0:14:17]} Nxg4 {[%clk 1:06:33]} 30. Rd3+ {[%clk 0:13:42]} Kc7 {[%clk
1:05:32]} 31. f3 {[%clk 0:13:32]} Ne5 {[%clk 1:04:08]} 32. Re3 {[%clk 0:13:04]}
Kd6 {[%clk 1:04:08]} 33. Bf1 {[%clk 0:11:04]} Rf8 {[%clk 1:03:30]} 34. Be2
{[%clk 0:09:58]} Kd5 {[%clk 1:00:08]} 35. Kd2 {[%clk 0:09:10]} Rf6 {[%clk
0:53:36]} 36. Rc3 {[%clk 0:08:41]} b4 {[%clk 0:52:13]} 37. axb4 {[%clk
0:08:36]} axb4 {[%clk 0:52:32]} 38. Rb3 {[%clk 0:07:36]} c5 {[%clk 0:52:50]}
39. Ke3 {[%clk 0:07:14]} Rb6 {[%clk 0:50:45]} 40. c3 {[%clk 0:06:39]} Nc4+
{[%clk 0:49:38]} 41. Kd3 {[%clk 0:03:31]} Na5 {[%clk 0:50:06]} 42. c4+ {[%clk
0:01:19]} Kc6 {[%clk 0:49:41]} 43. Kc2 {[%clk 0:28:33]} Nxb3 {[%clk 1:19:50]}
44. Kxb3 {[%clk 0:28:32]} Ra6 {[%clk 1:20:05]} 45. Kc2 {[%clk 0:27:59]} Kd6
{[%clk 1:20:27]} 46. b3 {[%clk 0:27:35]} Ke5 {[%clk 1:20:44]} 47. Kd3 {[%clk
0:25:14]} Kf4 {[%clk 1:20:57]} 48. Kd2 {[%clk 0:25:02]} Ra2+ {[%clk 1:21:01]}
49. Kd3 {[%clk 0:24:19]} Ra3 {[%clk 1:20:52]} 50. Kc2 {[%clk 0:22:18]} Ke3
{[%clk 1:21:10]} 51. Bd3 {[%clk 0:20:30]} Kxf3 {[%clk 1:21:22]} 0-1

[Event "DVM U20w 2019"]
[Site "Braunschweig GER"]
[Date "2019.12.28"]
[Round "4"]
[White "Ziegenfuß, Larissa"]
[Black "Rempe, Janne"]
[Result "1-0"]
[Termination "normal"]
[Board "7.1"]
[WhiteElo "1755"]
[BlackElo "1559"]
[WhiteClock "00:19:57"]
[BlackClock "00:43:58"]
[WhiteTeam "SG Blau-Weiß Stadtilm"]
[BlackTeam "SK Doppelbauer Kiel"]
[PlyCount "65"]
[WhiteFideId "12974722"]
[BlackFideId "16202392"]
[EventCountry "GER"]
[EventRounds "7"]
[EventType "team-swiss"]
[EventDate "2019.12.26"]

1. e4 {[%clk 1:30:58]} d6 {[%clk 1:30:51]} 2. d4 {[%clk 1:31:22]} Nf6 {[%clk
1:31:12]} 3. Nc3 {[%clk 1:31:45]} Nbd7 {[%clk 1:31:28]} 4. Nf3 {[%clk 1:32:06]}
e5 {[%clk 1:31:30]} 5. Bc4 {[%clk 1:32:28]} Be7 {[%clk 1:30:57]} 6. O-O {[%clk
1:32:44]} O-O {[%clk 1:31:14]} 7. a4 {[%clk 1:33:03]} a5 {[%clk 1:31:26]} 8. b3
{[%clk 1:32:49]} c6 {[%clk 1:31:38]} 9. dxe5 {[%clk 1:26:46]} dxe5 {[%clk
1:31:41]} 10. Bb2 {[%clk 1:25:54]} Qc7 {[%clk 1:30:29]} 11. Qe2 {[%clk
1:23:42]} Nc5 {[%clk 1:29:07]} 12. Nd2 {[%clk 1:21:54]} Ne6 {[%clk 1:25:48]}
13. Bxe6 {[%clk 1:16:12]} Bxe6 {[%clk 1:24:49]} 14. Nc4 {[%clk 1:15:23]} Ng4
{[%clk 1:17:42]} 15. h3 {[%clk 1:12:08]} Nf6 {[%clk 1:17:22]} 16. Rad1 {[%clk
1:08:08]} Rad8 {[%clk 1:13:43]} 17. Ne3 {[%clk 1:04:51]} Qc8 {[%clk 1:12:57]}
18. Kh2 {[%clk 1:03:42]} h6 {[%clk 1:11:40]} 19. g4 {[%clk 0:58:10]} h5 {[%clk
1:09:12]} 20. Nf5 {[%clk 0:53:44]} Bc5 {[%clk 1:07:19]} 21. f3 {[%clk 0:50:59]}
hxg4 {[%clk 1:03:59]} 22. hxg4 {[%clk 0:48:24]} g6 {[%clk 1:04:01]} 23. Qg2
{[%clk 0:40:40]} Bxf5 {[%clk 1:00:18]} 24. gxf5 {[%clk 0:38:38]} Kg7 {[%clk
1:00:07]} 25. Qg3 {[%clk 0:33:14]} Rh8+ {[%clk 0:55:46]} 26. Kg2 {[%clk
0:33:31]} Rdg8 {[%clk 0:52:57]} 27. Qxe5 {[%clk 0:27:45]} b6 {[%clk 0:53:16]}
28. Ne2 {[%clk 0:25:05]} Kf8 {[%clk 0:51:46]} 29. Qxf6 {[%clk 0:21:57]} gxf5+
{[%clk 0:50:53]} 30. Ng3 {[%clk 0:22:14]} Be7 {[%clk 0:46:50]} 31. Qxf5 {[%clk
0:20:12]} Qxf5 {[%clk 0:44:30]} 32. exf5 {[%clk 0:20:37]} Rh5 {[%clk 0:43:58]}
33. f6 {[%clk 0:19:57]} 1-0

[Event "DVM U20w 2019"]
[Site "Braunschweig GER"]
[Date "2019.12.28"]
[Round "4"]
[White "Rempe, Mieke"]
[Black "Schmidt, Pauline"]
[Result "1/2-1/2"]
[Termination "normal"]
[Board "7.2"]
[WhiteElo "1619"]
[BlackElo "1628"]
[WhiteClock "00:51:05"]
[BlackClock "00:33:32"]
[WhiteTeam "SK Doppelbauer Kiel"]
[BlackTeam "SG Blau-Weiß Stadtilm"]
[PlyCount "120"]
[WhiteFideId "16202384"]
[BlackFideId "16209850"]
[EventCountry "GER"]
[EventRounds "7"]
[EventType "team-swiss"]
[EventDate "2019.12.26"]

1. e4 {[%clk 1:30:51]} c5 {[%clk 1:30:53]} 2. Nf3 {[%clk 1:30:56]} d6 {[%clk
1:31:16]} 3. d4 {[%clk 1:30:47]} cxd4 {[%clk 1:31:36]} 4. Nxd4 {[%clk 1:30:35]}
Nf6 {[%clk 1:31:51]} 5. Nc3 {[%clk 1:30:37]} a6 {[%clk 1:32:12]} 6. a4 {[%clk
1:30:17]} e5 {[%clk 1:32:06]} 7. Nf3 {[%clk 1:29:10]} b6 {[%clk 1:24:20]} 8.
Bc4 {[%clk 1:26:46]} h6 {[%clk 1:20:03]} 9. O-O {[%clk 1:18:48]} Be7 {[%clk
1:17:38]} 10. Nd5 {[%clk 1:16:24]} O-O {[%clk 1:03:47]} 11. Nxf6+ {[%clk
1:15:21]} Bxf6 {[%clk 1:03:54]} 12. Bd5 {[%clk 1:15:43]} Ra7 {[%clk 1:04:01]}
13. Ne1 {[%clk 1:15:19]} Nd7 {[%clk 0:59:22]} 14. Ra3 {[%clk 1:13:59]} Nc5
{[%clk 0:56:55]} 15. b4 {[%clk 1:13:18]} Ne6 {[%clk 0:56:36]} 16. Bxe6 {[%clk
1:08:24]} Bxe6 {[%clk 0:55:35]} 17. f4 {[%clk 1:08:13]} Qa8 {[%clk 0:51:08]}
18. Qxd6 {[%clk 1:05:31]} Qxe4 {[%clk 0:47:45]} 19. Qxb6 {[%clk 1:05:20]} Rb7
{[%clk 0:46:53]} 20. Qf2 {[%clk 1:01:44]} Qxb4 {[%clk 0:43:58]} 21. Nd3 {[%clk
1:01:15]} Qd6 {[%clk 0:42:11]} 22. fxe5 {[%clk 0:48:25]} Bxe5 {[%clk 0:41:49]}
23. Nxe5 {[%clk 0:48:29]} Qxe5 {[%clk 0:41:50]} 24. Re3 {[%clk 0:47:36]} Qh5
{[%clk 0:37:41]} 25. Rxe6 {[%clk 0:46:56]} fxe6 {[%clk 0:34:41]} 26. Qxf8+
{[%clk 0:47:15]} Kh7 {[%clk 0:35:09]} 27. Qf4 {[%clk 0:46:18]} Qc5+ {[%clk
0:33:58]} 28. Rf2 {[%clk 0:45:31]} Rb4 {[%clk 0:30:45]} 29. Qe3 {[%clk
0:45:11]} Qxe3 {[%clk 0:29:04]} 30. Bxe3 {[%clk 0:45:27]} Rxa4 {[%clk 0:29:28]}
31. Kf1 {[%clk 0:43:18]} Rc4 {[%clk 0:28:06]} 32. Ke1 {[%clk 0:43:00]} Rc8
{[%clk 0:25:48]} 33. Rd2 {[%clk 0:41:06]} a5 {[%clk 0:23:55]} 34. Kd1 {[%clk
0:41:04]} Rf8 {[%clk 0:23:23]} 35. Rd7 {[%clk 0:39:38]} Kg6 {[%clk 0:18:58]}
36. Bd4 {[%clk 0:37:34]} Rg8 {[%clk 0:18:01]} 37. Ra7 {[%clk 0:37:48]} Rd8
{[%clk 0:15:39]} 38. Rxg7+ Kf5 {[%clk 0:15:37]} 39. c3 {[%clk 0:33:16]} e5
{[%clk 0:15:53]} 40. Ra7 {[%clk 0:33:35]} exd4 {[%clk 0:16:05]} 41. Rxa5+
{[%clk 0:33:58]} Ke4 {[%clk 0:15:45]} 42. Ra4 {[%clk 0:34:10]} Ke3 {[%clk
0:14:15]} 43. Rxd4 {[%clk 0:34:13]} Rxd4+ {[%clk 0:12:50]} 44. cxd4 {[%clk
0:34:36]} Kxd4 {[%clk 0:13:17]} 45. Kd2 {[%clk 0:34:41]} Ke4 {[%clk 0:11:07]}
46. Ke2 {[%clk 0:34:28]} Kf4 {[%clk 0:10:35]} 47. Kf2 {[%clk 0:32:19]} Kg4
{[%clk 0:05:52]} 48. h3+ {[%clk 0:29:55]} Kf4 {[%clk 0:03:16]} 49. g3+ {[%clk
0:25:00]} Kf5 {[%clk 0:02:22]} 50. Kf3 {[%clk 0:19:57]} h5 {[%clk 0:30:12]} 51.
g4+ {[%clk 0:49:27]} hxg4+ {[%clk 0:30:01]} 52. hxg4+ {[%clk 0:49:50]} Kg5
{[%clk 0:30:58]} 53. Kg3 {[%clk 0:50:12]} Kg6 {[%clk 0:30:59]} 54. Kf4 {[%clk
0:50:15]} Kf6 {[%clk 0:31:23]} 55. g5+ {[%clk 0:50:38]} Kg6 {[%clk 0:31:49]}
56. Kg4 {[%clk 0:51:03]} Kg7 {[%clk 0:32:14]} 57. Kf5 {[%clk 0:51:08]} Kf7
{[%clk 0:32:36]} 58. g6+ {[%clk 0:51:22]} Kg7 {[%clk 0:33:01]} 59. Kg5 {[%clk
0:51:44]} Kg8 {[%clk 0:33:18]} 60. Kf6 {[%clk 0:51:05]} Kf8 {[%clk 0:33:32]} *

[Event "DVM U20w 2019"]
[Site "Braunschweig GER"]
[Date "2019.12.28"]
[Round "4"]
[White "Stephan, Lia"]
[Black "Birner, Lucy Jasmin"]
[Result "1/2-1/2"]
[Termination "normal"]
[Board "7.3"]
[WhiteElo "1232"]
[BlackElo "1611"]
[WhiteClock "00:10:31"]
[BlackClock "00:50:27"]
[WhiteTeam "SG Blau-Weiß Stadtilm"]
[BlackTeam "SK Doppelbauer Kiel"]
[PlyCount "49"]
[WhiteFideId "16230116"]
[BlackFideId "16205910"]
[EventCountry "GER"]
[EventRounds "7"]
[EventType "team-swiss"]
[EventDate "2019.12.26"]

1. c4 {[%clk 1:30:54]} e5 {[%clk 1:29:45]} 2. Nc3 {[%clk 1:31:10]} Bc5 {[%clk
1:29:40]} 3. g3 {[%clk 1:30:30]} Nf6 {[%clk 1:29:03]} 4. Bg2 {[%clk 1:30:32]}
c6 {[%clk 1:29:19]} 5. e4 {[%clk 1:30:03]} d6 {[%clk 1:28:53]} 6. h3 {[%clk
1:27:33]} Be6 {[%clk 1:29:01]} 7. d3 {[%clk 1:27:51]} h6 {[%clk 1:29:22]} 8.
Nge2 {[%clk 1:27:25]} O-O {[%clk 1:29:22]} 9. O-O {[%clk 1:25:50]} d5 {[%clk
1:27:15]} 10. cxd5 {[%clk 1:05:15]} cxd5 {[%clk 1:27:29]} 11. d4 {[%clk
0:55:28]} exd4 {[%clk 1:27:03]} 12. Nxd4 {[%clk 0:55:09]} dxe4 {[%clk 1:20:39]}
13. Nxe6 {[%clk 0:53:30]} fxe6 {[%clk 1:20:57]} 14. Qxd8 {[%clk 0:41:59]} Rxd8
{[%clk 1:21:19]} 15. Nxe4 {[%clk 0:41:38]} Nxe4 {[%clk 1:20:50]} 16. Bxe4
{[%clk 0:41:42]} Nc6 {[%clk 1:20:38]} 17. Bxc6 {[%clk 0:40:10]} bxc6 {[%clk
1:20:57]} 18. Bf4 {[%clk 0:38:13]} Kf7 {[%clk 1:18:49]} 19. Kg2 {[%clk
0:23:14]} Bd4 {[%clk 1:12:17]} 20. Rab1 {[%clk 0:21:10]} e5 {[%clk 1:10:40]}
21. Be3 {[%clk 0:20:18]} c5 {[%clk 1:10:17]} 22. Bd2 {[%clk 0:14:54]} Re8
{[%clk 1:03:36]} 23. Rfe1 {[%clk 0:11:20]} e4 {[%clk 0:53:42]} 24. b3 {[%clk
0:11:07]} a5 {[%clk 0:50:27]} 25. a4 {[%clk 0:10:31]} 1/2-1/2

[Event "DVM U20w 2019"]
[Site "Braunschweig GER"]
[Date "2019.12.28"]
[Round "4"]
[White "Kiesel, Lara"]
[Black "Biermann, Sophie"]
[Result "1/2-1/2"]
[Termination "normal"]
[Board "8.1"]
[WhiteElo "1732"]
[BlackElo "1645"]
[WhiteTeam "SK Lehrte"]
[BlackTeam "SG Trier"]
[WhiteFideId "12973785"]
[BlackFideId "16208960"]
[EventCountry "GER"]
[EventRounds "7"]
[EventType "team-swiss"]
[EventDate "2019.12.26"]

1. e4 d5 2. exd5 Qxd5 3. Nc3 Qa5 4. d4 c6 5. Bd2 Qb6 6. Nf3 Bf5 7. Bc4 e6 8.
Bb3 Nf6 9. O-O Bd6 10. Qe2 O-O 11. Be3 Qc7 12. h3 Nbd7 13. Nh4 Rfe8 14. Qd2 Ne4
15. Nxe4 Bxe4 16. Qd1 Rad8 17. Nf3 c5 18. Nd2 Bc6 19. Qe2 b5 20. dxc5 Nxc5 21.
Bxc5 Bxc5 22. Ne4 Bd4 23. c3 Be5 24. Rfd1 Bf4 25. Nd2 Qb7 26. Nf3 a6 27. Bc2
Bd5 28. Bd3 e5 29. c4 Bc6 30. cxb5 axb5 31. Bc2 e4 32. Rxd8 Rxd8 33. Ne1 Rd2
34. Qg4 e3 35. fxe3 Bxe3+ 36. Kh1 h5 37. Qg3 Bf2 38. Qg5 Bxe1 39. Rxe1 Bxg2+
40. Kg1 Qb6+ 41. Kh2 Be4+ 42. Qxd2 Qc7+ 43. Kg1 Bxc2 44. Qe3 1/2-1/2

[Event "DVM U20w 2019"]
[Site "Braunschweig GER"]
[Date "2019.12.28"]
[Round "4"]
[White "La, Quynh Trang"]
[Black "Margaryan, Venera"]
[Result "1-0"]
[Termination "normal"]
[Board "8.2"]
[WhiteElo "1436"]
[BlackElo "1383"]
[WhiteTeam "SG Trier"]
[BlackTeam "SK Lehrte"]
[WhiteFideId "16275276"]
[BlackFideId "16266226"]
[EventCountry "GER"]
[EventRounds "7"]
[EventType "team-swiss"]
[EventDate "2019.12.26"]

1. d4 d5 2. c4 e6 3. Nf3 Nf6 4. g3 c6 5. Bg2 Ne4 6. Nbd2 f5 7. Nxe4 dxe4 8. Ne5
g6 9. Bf4 Nd7 10. e3 Bg7 11. h4 Nxe5 12. Bxe5 Bxe5 13. dxe5 Qa5+ 14. Qd2 Qxe5
15. Rd1 O-O 16. h5 g5 17. h6 Rf6 18. Qd8+ Kf7 19. Qh8 Qa5+ 20. Ke2 Rg6 21. Rd8
Qc5 22. Rhd1 Qxc4+ 23. Ke1 Qb4+ 24. Kf1 b6 25. R8d7+ Bxd7 26. Rxd7+ Qe7 27.
Qxh7+ Kf6 28. Qxe7+ Ke5 29. Qd6+ Kf6 30. Re7 1-0

[Event "DVM U20w 2019"]
[Site "Braunschweig GER"]
[Date "2019.12.28"]
[Round "4"]
[White "Thiele, Lea-Marie"]
[Black "Nwatu, Emily"]
[Result "1-0"]
[Termination "normal"]
[Board "8.3"]
[WhiteElo "1061"]
[BlackElo "1141"]
[WhiteTeam "SK Lehrte"]
[BlackTeam "SG Trier"]
[WhiteFideId "16298616"]
[BlackFideId "16255321"]
[EventCountry "GER"]
[EventRounds "7"]
[EventType "team-swiss"]
[EventDate "2019.12.26"]

1. d4 d5 2. c4 c6 3. Nc3 Nf6 4. Nf3 e6 5. Bg5 Nbd7 6. e3 Be7 7. cxd5 cxd5 8.
Bd3 O-O 9. Qc2 Re8 10. Bxf6 Nxf6 11. O-O Bf8 12. Ne5 g6 13. f4 Bd7 14. Rf3 Bd6
15. Nxg6 e5 16. fxe5 Bg4 17. Rxf6 Be7 18. Nxe7+ Qxe7 19. Bxh7+ Kh8 20. Nxd5 Qd7
21. Qe4 Qc8 22. Rxf7 Bh5 23. Rf4 Qe6 24. Rh4 Bf7 25. Bf5+ Kg8 26. Bxe6 Bxe6 27.
Qg6+ Kf8 28. Rf1+ Bf7 29. Rh8# 1-0

[Event "DVM U20w 2019"]
[Site "Braunschweig GER"]
[Date "2019.12.28"]
[Round "4"]
[White "Schwalbach, Kathrin"]
[Black "Daoud, Shahnaz"]
[Result "0-1"]
[Termination "normal"]
[Board "8.4"]
[WhiteElo "1137"]
[BlackElo "1000"]
[WhiteTeam "SG Trier"]
[BlackTeam "SK Lehrte"]
[WhiteFideId "16275284"]
[BlackFideId "16297750"]
[EventCountry "GER"]
[EventRounds "7"]
[EventType "team-swiss"]
[EventDate "2019.12.26"]

1. e4 e6 2. d4 d5 3. e5 c5 4. Nf3 Nc6 5. Be3 Qb6 6. b3 Nh6 7. c3 Nf5 8. Qd3
cxd4 9. Nxd4 Nxe3 10. Qxe3 Bc5 11. Bb5 Bd7 12. Bxc6 Bxc6 13. O-O O-O 14. Nd2 f6
15. N2f3 Rae8 16. Rad1 fxe5 17. Qxe5 Rf6 18. Ng5 Bxd4 19. Rxd4 Bd7 20. c4 Rf5
21. Qe3 Rxg5 22. Qxg5 Qxd4 23. h3 dxc4 24. bxc4 Qxc4 25. Qd2 Bb5 26. Rc1 Qd3
27. Qxd3 Bxd3 28. f4 Kf7 29. Rc7+ Re7 30. Rc1 e5 31. fxe5 Rxe5 32. g4 Ra5 33.
Rc7+ Kg6 34. Rxb7 Rxa2 35. Rb3 Be4 36. Rb5 Rg2+ 37. Kf1 Rh2 38. Rb4 Bf3 39. Rd4
Rxh3 40. Rd7 Bxg4 41. Rxa7 Rf3+ 42. Ke1 Rf7 43. Ra2 Bf3 44. Kd2 h5 45. Ke1 Bb7
46. Rf2 Rxf2 47. Kxf2 Kg5 48. Kg3 h4+ 49. Kh3 Bc8+ 50. Kg2 Kg4 51. Kh2 h3 52.
Kh1 Kg3 53. Kg1 Bb7 0-1

[Event "DVM U20w 2019"]
[Site "Braunschweig GER"]
[Date "2019.12.29"]
[Round "5"]
[White "Ziegenfuß, Antonia"]
[Black "Müdder, Melanie"]
[Result "0-1"]
[Termination "normal"]
[Board "1.1"]
[WhiteTitle "WFM"]
[WhiteElo "2052"]
[BlackElo "1902"]
[WhiteClock "00:02:45"]
[BlackClock "00:24:44"]
[WhiteTeam "OSG Baden-Baden"]
[BlackTeam "Schachgesellschaft Solingen e. V."]
[PlyCount "62"]
[WhiteFideId "12962554"]
[BlackFideId "12994103"]
[EventCountry "GER"]
[EventRounds "7"]
[EventType "team-swiss"]
[EventDate "2019.12.26"]

1. d4 {[%clk 1:30:58]} Nf6 {[%clk 1:30:54]} 2. c4 {[%clk 1:31:23]} g6 {[%clk
1:31:17]} 3. Nc3 {[%clk 1:31:48]} d5 {[%clk 1:31:40]} 4. cxd5 {[%clk 1:31:48]}
Nxd5 {[%clk 1:32:03]} 5. e4 {[%clk 1:32:12]} Nxc3 {[%clk 1:32:18]} 6. bxc3
{[%clk 1:32:36]} Bg7 {[%clk 1:32:41]} 7. Qa4+ {[%clk 1:29:25]} Nd7 {[%clk
1:32:08]} 8. Nf3 {[%clk 1:27:18]} O-O {[%clk 1:31:20]} 9. Qa3 {[%clk 1:21:22]}
c5 {[%clk 1:30:23]} 10. d5 {[%clk 1:05:24]} Nf6 {[%clk 1:27:45]} 11. Bd3 {[%clk
1:04:44]} e6 {[%clk 1:15:08]} 12. Bg5 {[%clk 0:50:45]} exd5 {[%clk 1:09:07]}
13. e5 {[%clk 0:46:55]} Qe8 {[%clk 1:09:25]} 14. Qxc5 {[%clk 0:41:24]} Ne4
{[%clk 1:02:20]} 15. Qxd5 {[%clk 0:35:34]} Nxg5 {[%clk 1:01:08]} 16. Nxg5
{[%clk 0:35:26]} Qxe5+ {[%clk 1:01:21]} 17. Qxe5 {[%clk 0:35:50]} Bxe5 {[%clk
1:01:46]} 18. Rb1 {[%clk 0:30:42]} Bxc3+ {[%clk 0:59:27]} 19. Kf1 {[%clk
0:29:08]} h6 {[%clk 0:52:37]} 20. Ne4 {[%clk 0:27:03]} Bg7 {[%clk 0:52:30]} 21.
f3 {[%clk 0:21:37]} b6 {[%clk 0:46:44]} 22. g3 {[%clk 0:18:02]} Bh3+ {[%clk
0:44:21]} 23. Kf2 {[%clk 0:16:48]} Bd4+ {[%clk 0:43:26]} 24. Ke2 {[%clk
0:16:36]} Be6 {[%clk 0:42:54]} 25. a4 {[%clk 0:14:53]} f5 {[%clk 0:40:03]} 26.
Nd6 {[%clk 0:12:13]} Rad8 {[%clk 0:33:49]} 27. Nc4 {[%clk 0:08:30]} Rfe8 {[%clk
0:32:13]} 28. Kd2 {[%clk 0:07:18]} Bd5 {[%clk 0:28:00]} 29. Rhf1 {[%clk
0:06:25]} Kg7 {[%clk 0:27:40]} 30. Rbe1 {[%clk 0:05:18]} Rxe1 {[%clk 0:26:12]}
31. Rxe1 {[%clk 0:02:45]} Bxc4 {[%clk 0:24:44]} 0-1

[Event "DVM U20w 2019"]
[Site "Braunschweig GER"]
[Date "2019.12.29"]
[Round "5"]
[White "Bashylina, Luisa"]
[Black "Doll, Rebecca"]
[Result "1/2-1/2"]
[Termination "normal"]
[Board "1.2"]
[WhiteTitle "WCM"]
[WhiteElo "1935"]
[BlackElo "1659"]
[WhiteTeam "Schachgesellschaft Solingen e. V."]
[BlackTeam "OSG Baden-Baden"]
[PlyCount "56"]
[WhiteFideId "12983292"]
[BlackFideId "16236890"]
[EventCountry "GER"]
[EventRounds "7"]
[EventType "team-swiss"]
[EventDate "2019.12.26"]

1. e4 e5 2. Nf3 Nc6 3. d4 exd4 4. Nxd4 Nf6 5. Nxc6 bxc6 6. e5 Qe7 7. Qe2 Nd5 8.
c4 Ba6 9. b3 g6 10. g3 Bg7 11. Bb2 O-O 12. Bg2 Rae8 13. O-O Bxe5 14. Qxe5 Qxe5
15. Bxe5 Rxe5 16. cxd5 Bxf1 17. Kxf1 cxd5 18. Nc3 c6 19. Rd1 Rfe8 20. Bf3 Kf8
21. Na4 Ke7 22. Nb2 Kd8 23. Nd3 R5e7 24. b4 Kc7 25. b5 Rb8 26. a4 Kd6 27. Nb4
Ree8 28. Rc1 Ke5 1/2-1/2